[Event "HUN-chT2 Szechenyi 1819"]
[Site "Hungary"]
[Date "2019.01.27"]
[Round "4.8"]
[White "Pesti, Mate"]
[Black "Suket, Mate"]
[Result "1-0"]
[WhiteElo "1951"]
[BlackElo "1871"]
[PlyCount "65"]
[EventDate "2018.10.28"]
[EventType "team-tourn"]
[EventRounds "9"]
[EventCountry "HUN"]
[SourceTitle "EXT 2021"]
[Source "ChessBase"]
[SourceDate "2020.10.23"]
[SourceVersion "1"]
[SourceVersionDate "2020.10.23"]
[SourceQuality "1"]
[WhiteTeam "Gyor Elektromos"]
[BlackTeam "Keszthely Spartacus"]
[WhiteTeamCountry "HUN"]
[BlackTeamCountry "HUN"]

1. e4 e5 2. Nf3 Nc6 3. Bb5 Nge7 4. d4 exd4 5. 0-0 a6 6. Bc4 b5 7. Bd5 Bb7 8. Re1 g6 9. Ng5 Nxd5 10. exd5+ Ne7 11. Qxd4 Rg8 12. Nc3 Bg7 13. Qf4 f5 14. Be3 Bxc3 15. bxc3 Bxd5 16. Nxh7 Kf7 17. Qe5 Be6 18. Qf6+ Ke8 19. Bg5 Rb8 20. Re2 Rb6 21. Rae1 Rc6 22. Qe5 Kf7 23. Bh4 Rg7 24. Nf6 Rd6 25. Bg5 Nc6 26. Qf4 Bxa2 27. Ne8 Qb8 28. Nxg7 Kxg7 29. h3 Bc4 30. Re7+ Nxe7 31. Rxe7+ Bf7 32. Qe5+ Kg8 33. Bh6 1-0

[Event "HUN-chT2 Szechenyi 1516"]
[Site "Hungary"]
[Date "2015.09.13"]
[Round "1.7"]
[White "Borhy, Marcell Boldizsar"]
[Black "Suket, Mate"]
[Result "1-0"]
[WhiteElo "1943"]
[BlackElo "1838"]
[PlyCount "79"]
[EventDate "2015.09.13"]
[EventType "team-tourn"]
[EventRounds "11"]
[EventCountry "HUN"]
[SourceTitle "CBM 170 Extra"]
[Source "ChessBase"]
[SourceDate "2016.02.25"]
[SourceVersion "1"]
[SourceVersionDate "2016.02.25"]
[SourceQuality "1"]
[WhiteTeam "HVSE Infraplan"]
[BlackTeam "Keszthely Spartacus"]
[WhiteTeamCountry "HUN"]
[BlackTeamCountry "HUN"]

1. d4 d5 2. c4 e6 3. Nf3 Nf6 4. g3 dxc4 5. Bg2 c6 6. Ne5 c5 7. Qa4+ Nbd7 8. dxc5 Bxc5 9. Nxc4 Rb8 10. Nc3 a6 11. Qd1 b5 12. Nd6+ Bxd6 13. Qxd6 Rb6 14. Qd3 Bb7 15. Bxb7 Rxb7 16. Bf4 e5 17. Bg5 h6 18. Ne4 0-0 19. Qf3 Rc7 20. Be3 Nxe4 21. Qxe4 Rc4 22. Qd3 Nf6 23. Qb3 Qd5 24. 0-0 Rfc8 25. Rad1 Qe4 26. f3 Qc2 27. Rd2 Qxb3 28. axb3 Rc1 29. Rxc1 Rxc1+ 30. Kf2 Rc6 31. b4 e4 32. h3 Kf8 33. f4 Ke7 34. Bc5+ Ke6 35. g4 g6 36. Rd4 g5 37. f5+ Ke5 38. e3 Nd5 39. Rd2 Nc7 40. Rd7 1-0

[Event "HUN-chT2 Charousek 1314"]
[Site "Hungary"]
[Date "2013.09.08"]
[Round "1"]
[White "Suket, Mate"]
[Black "Valis, Janos"]
[Result "1-0"]
[WhiteElo "1861"]
[BlackElo "2075"]
[PlyCount "71"]
[EventDate "2013.09.08"]
[EventType "team-tourn"]
[EventRounds "11"]
[EventCountry "HUN"]
[SourceTitle "EXT 2016"]
[Source "ChessBase"]
[SourceDate "2015.10.08"]
[SourceVersion "1"]
[SourceVersionDate "2015.10.08"]
[SourceQuality "1"]
[WhiteTeam "Alsoszolnok"]
[BlackTeam "Budapest HUSI"]
[WhiteTeamCountry "HUN"]
[BlackTeamCountry "HUN"]

1. e4 d6 2. d4 g6 3. f4 Bg7 4. c3 Nf6 5. Bd3 e5 6. Ne2 0-0 7. 0-0 Nh5 8. f5 d5 9. fxg6 hxg6 10. dxe5 Bxe5 11. Nd2 c6 12. Nf3 Bg7 13. Qc2 Nd7 14. Be3 Qe7 15. Bg5 Ndf6 16. exd5 cxd5 17. Ned4 Bg4 18. Rae1 Qd6 19. Nb5 Qb6+ 20. Be3 Qc6 21. Ne5 Qc8 22. Bg5 Bd7 23. Nd4 Ng4 24. Nxg4 Bxg4 25. Qf2 Bd7 26. Re7 Be8 27. Bxg6 fxg6 28. Rxg7+ Nxg7 29. Qxf8+ Kh7 30. Bf6 Qd7 31. Qxg7+ Qxg7 32. Bxg7 Kxg7 33. Ne6+ Kh6 34. Rf8 Kh7 35. Nc7 Rc8 36. Nxe8 1-0

[Event "HUN-chT2 Charousek 1213"]
[Site "Hungary"]
[Date "2012.11.18"]
[Round "4"]
[White "Papagorasz, Dorina"]
[Black "Suket, Mate"]
[Result "0-1"]
[WhiteElo "1804"]
[BlackElo "1813"]
[PlyCount "40"]
[EventDate "2012.09.16"]
[EventType "team-tourn"]
[EventRounds "11"]
[EventCountry "HUN"]
[SourceTitle "EXT 2014"]
[Source "ChessBase"]
[SourceDate "2013.11.20"]
[SourceVersion "1"]
[SourceVersionDate "2013.11.20"]
[SourceQuality "1"]
[WhiteTeam "Fehervar"]
[BlackTeam "Alsoszolnok"]
[WhiteTeamCountry "HUN"]
[BlackTeamCountry "HUN"]

1. e4 e5 2. Nf3 Nc6 3. Bb5 Nge7 4. d4 exd4 5. Nxd4 g6 6. 0-0 Bg7 7. Be3 0-0 8. Nc3 d6 9. f4 f5 10. Bc4+ Kh8 11. Qd2 fxe4 12. Nxe4 d5 13. Nxc6 bxc6 14. Rad1 Bf5 15. Ng5 h6 16. Nf3 dxc4 17. Qb4 Nd5 18. Qc5 Bxc2 19. Rd2 Bd3 20. Nd4 Nxe3 0-1

[Event "HUN-chT2 Szechenyi 1112"]
[Site "Hungary"]
[Date "2012.02.19"]
[Round "6.10"]
[White "Suket, Mate"]
[Black "Kiss, Laszlo"]
[Result "1-0"]
[WhiteElo "1731"]
[BlackElo "1694"]
[PlyCount "103"]
[EventDate "2011.09.25"]
[EventType "team-tourn"]
[EventRounds "11"]
[EventCountry "HUN"]
[SourceTitle "EXT 2013"]
[Source "ChessBase"]
[SourceDate "2012.11.22"]
[SourceVersion "1"]
[SourceVersionDate "2012.11.22"]
[SourceQuality "1"]
[WhiteTeam "Alsoszolnok"]
[BlackTeam "Arboretum"]
[WhiteTeamCountry "HUN"]
[BlackTeamCountry "HUN"]

1. e4 d5 2. exd5 Nf6 3. Nc3 Nxd5 4. Nf3 Nxc3 5. bxc3 c5 6. Bb5+ Bd7 7. Bxd7+ Nxd7 8. 0-0 e6 9. d4 Qa5 10. Qd3 Be7 11. d5 0-0-0 12. Bd2 Bf6 13. c4 Qa6 14. Rab1 Nb6 15. Qe3 Qxc4 16. dxe6 fxe6 17. Ba5 Rd6 18. Ne5 Bxe5 19. Qxe5 Qd4 20. Qh5 Qd5 21. Qf7 Rd7 22. Qf4 Qc6 23. Bxb6 axb6 24. Rb3 Qd6 25. Qa4 Kc7 26. h3 Qc6 27. Qf4+ Qd6 28. Qe3 Qd4 29. Qxe6 Qd6 30. Qc4 Qd4 31. Qb5 Qf6 32. a4 Ra8 33. Rfb1 Rd6 34. Ra3 Ra5 35. Qe8 Qe6 36. Qh8 Qg6 37. Re3 Qxc2 38. Re7+ Rd7 39. Rxd7+ Kxd7 40. Re1 Qxa4 41. Qe8+ Kd6 42. Qe7+ Kc6 43. Qe8+ Kd6 44. Re6+ Kd5 45. Re5+ Kd6 46. Qe7+ Kc6 47. Qe8+ Kd6 48. Qe7+ Kc6 49. Re6+ Kd5 50. Qd6+ Kc4 51. Re4+ Kb5 52. Qd7+ 1-0

[Event "HUN-chT2 Szechenyi 0910"]
[Site "Hungary"]
[Date "2010.04.11"]
[Round "9.10"]
[White "Acs, Gyorgy"]
[Black "Suket, Mate"]
[Result "0-1"]
[WhiteElo "1553"]
[BlackElo "1671"]
[PlyCount "138"]
[EventDate "2009.11.08"]
[EventType "team-tourn"]
[EventRounds "11"]
[EventCountry "HUN"]
[SourceTitle "EXT 2011"]
[Source "ChessBase"]
[SourceDate "2010.11.26"]
[SourceVersion "1"]
[SourceVersionDate "2010.11.26"]
[SourceQuality "1"]
[WhiteTeam "Gyor Elektromos"]
[BlackTeam "Kertvaros"]
[WhiteTeamCountry "HUN"]
[BlackTeamCountry "HUN"]

1. e4 e5 2. Nf3 Nc6 3. Bc4 d6 4. d4 exd4 5. Nxd4 Nxd4 6. Qxd4 Qf6 7. Qd3 Ne7 8. Nc3 Bd7 9. Be3 Qg6 10. g3 Qh5 11. Nb5 Bxb5 12. Bxb5+ c6 13. Bc4 Qf3 14. 0-0 Ng6 15. Qb3 b5 16. Bd4 Qxb3 17. Bxb3 c5 18. Bd5 Rc8 19. Be3 Be7 20. f4 Bf6 21. c3 Ne7 22. Bb3 c4 23. Bc2 Nc6 24. a3 h5 25. Rad1 Be7 26. Rd5 a6 27. Rfd1 f6 28. Kg2 Kf7 29. R1d2 Nd8 30. Bd1 g6 31. Bf3 Ne6 32. Rf2 Kg7 33. h4 Nc7 34. Rd1 Ne6 35. f5 Nc7 36. Bf4 Ne8 37. Kh2 Kf7 38. Bg2 Rd8 39. Bh3 g5 40. hxg5 fxg5 41. Be3 g4 42. Bd4 Rh6 43. Be3 Rh7 44. Bf1 h4 45. Re2 Nf6 46. Bb6 Rb8 47. Bd4 hxg3+ 48. Kg1 Rbh8 49. Bg2 Rd8 50. Re3 Nh5 51. e5 dxe5 52. Rxe5 Bf6 53. Re4 Rg7 54. Rde1 Bxd4+ 55. Rxd4 Rxd4 56. cxd4 Nf4 57. Bb7 Rh7 58. Re4 Nh3+ 59. Kg2 Kf6 60. Bc8 Ng5 61. Rxg4 Rh2+ 62. Kxg3 Rxb2 63. Kf4 c3 64. Ke3 Ra2 65. Bxa6 c2 66. Kd2 Nf3+ 67. Kc1 Ne1 68. Rg6+ Kxf5 69. Rc6 Nd3+ 0-1

[Event "HUN-chT2 Szechenyi 0910"]
[Site "Hungary"]
[Date "2010.03.21"]
[Round "8.11"]
[White "Sagi, Mate"]
[Black "Suket, Mate"]
[Result "0-1"]
[WhiteElo "1666"]
[BlackElo "1671"]
[PlyCount "130"]
[EventDate "2009.11.08"]
[EventType "team-tourn"]
[EventRounds "11"]
[EventCountry "HUN"]
[SourceTitle "EXT 2011"]
[Source "ChessBase"]
[SourceDate "2010.11.26"]
[SourceVersion "1"]
[SourceVersionDate "2010.11.26"]
[SourceQuality "1"]
[WhiteTeam "BSC"]
[BlackTeam "Kertvaros"]
[WhiteTeamCountry "HUN"]
[BlackTeamCountry "HUN"]

1. e4 e5 2. Nf3 Nc6 3. d4 exd4 4. Nxd4 Bc5 5. Be3 Bxd4 6. Bxd4 Nxd4 7. Qxd4 Qf6 8. c3 d6 9. Bb5+ c6 10. Bc4 Qxd4 11. cxd4 Ne7 12. Nc3 Be6 13. Bxe6 fxe6 14. 0-0-0 0-0-0 15. d5 cxd5 16. exd5 e5 17. Ne4 h6 18. Rd3 Nf5 19. g3 Kd7 20. Rf3 Rhf8 21. Ra3 a6 22. Rb3 Rc8+ 23. Rc3 Rxc3+ 24. bxc3 Rc8 25. Kc2 Ne7 26. Rd1 Rc4 27. Nd2 Rc5 28. c4 Nxd5 29. Kb3 Nf6 30. f3 b5 31. cxb5 Rxb5+ 32. Kc2 Rc5+ 33. Kb3 Rd5 34. Kc2 g5 35. Rb1 Rc5+ 36. Kd3 Kc7 37. Ne4 Rd5+ 38. Ke3 Nxe4 39. fxe4 Rb5 40. Rc1+ Kd7 41. Rc2 Ra5 42. Kd3 Ra3+ 43. Ke2 Ke6 44. Rd2 a5 45. Kf2 a4 46. Ke2 Rc3 47. Kf2 Kd7 48. Ke2 Kc6 49. Kf2 a3 50. Ke2 h5 51. Kf2 h4 52. gxh4 gxh4 53. Ke2 Rh3 54. Ke1 Re3+ 55. Re2 Rxe2+ 56. Kxe2 d5 57. exd5+ Kxd5 58. Kd3 e4+ 59. Ke3 h3 60. Ke2 Kd4 61. Kd2 e3+ 62. Ke2 Ke4 63. Ke1 Kd3 64. Kd1 Kc3 65. Ke2 Kb2 0-1

[Event "HUN-chT2 Szechenyi 0910"]
[Site "Hungary"]
[Date "2009.12.06"]
[Round "3.11"]
[White "Suket, Mate"]
[Black "Gabor, Attila"]
[Result "0-1"]
[WhiteElo "1671"]
[BlackElo "1909"]
[PlyCount "70"]
[EventDate "2009.11.08"]
[EventType "team-tourn"]
[EventRounds "11"]
[EventCountry "HUN"]
[SourceTitle "EXT 2011"]
[Source "ChessBase"]
[SourceDate "2010.11.26"]
[SourceVersion "1"]
[SourceVersionDate "2010.11.26"]
[SourceQuality "1"]
[WhiteTeam "Kertvaros"]
[BlackTeam "Arboretum"]
[WhiteTeamCountry "HUN"]
[BlackTeamCountry "HUN"]

1. e4 e5 2. Nf3 Nc6 3. Bc4 Be7 4. c3 Nf6 5. d3 0-0 6. 0-0 d6 7. Bg5 Na5 8. Nbd2 Nxc4 9. Nxc4 b5 10. Ne3 c5 11. Qb3 a6 12. h3 Be6 13. Qc2 Rc8 14. Nh2 Nh5 15. Qe2 Nf4 16. Bxf4 exf4 17. Neg4 h5 18. Nh6+ gxh6 19. Qxh5 Kh7 20. Kh1 Rg8 21. Rg1 d5 22. Qf3 Bg5 23. Rae1 Qd7 24. e5 Qc6 25. Qh5 d4 26. Nf3 Rg7 27. h4 Be7 28. Nh2 dxc3 29. bxc3 Rcg8 30. f3 Qd7 31. d4 cxd4 32. cxd4 Qxd4 33. Re4 Qf2 34. Rxf4 Bc5 35. Ng4 Qxg1# 0-1

[Event "HUN-chT2 Szechenyi 0809"]
[Site "Hungary"]
[Date "2009.01.04"]
[Round "6.12"]
[White "Markus, Eszter"]
[Black "Suket, Mate"]
[Result "0-1"]
[WhiteElo "1442"]
[BlackElo "1622"]
[PlyCount "74"]
[EventDate "2008.10.26"]
[EventType "team-tourn"]
[EventRounds "11"]
[EventCountry "HUN"]
[SourceTitle "EXT 2010"]
[Source "ChessBase"]
[SourceDate "2010.11.25"]
[SourceVersion "1"]
[SourceVersionDate "2010.11.25"]
[SourceQuality "1"]
[WhiteTeam "Lovo"]
[BlackTeam "Kervaros"]
[WhiteTeamCountry "HUN"]
[BlackTeamCountry "HUN"]

1. e4 e5 2. Nf3 Nc6 3. d4 exd4 4. Nxd4 Bc5 5. Be3 Bxd4 6. Bxd4 Nf6 7. Nc3 0-0 8. Qd2 Nxd4 9. Qxd4 Re8 10. 0-0-0 Qe7 11. Re1 d6 12. Bc4 Be6 13. e5 dxe5 14. Rxe5 Qd7 15. Rd1 Qxd4 16. Rxd4 Bxc4 17. Rxe8+ Rxe8 18. Rxc4 c6 19. Rd4 Kf8 20. g4 h5 21. gxh5 Nxh5 22. Rd7 Re7 23. Rd8+ Re8 24. Rd7 Re7 25. Rd4 g5 26. Ne4 Nf4 27. Kd2 Nh3 28. f3 f5 29. Nd6 f4 30. Ne4 Kg7 31. Rd6 g4 32. Ke2 Ng1+ 33. Kf2 Nxf3 34. Nd2 Nxh2 35. Kg2 Re2+ 36. Kg1 Rxd2 37. Re6 g3 0-1

[Event "HUN-chT2 Szechenyi 0809"]
[Site "Hungary"]
[Date "2008.10.26"]
[Round "1.12"]
[White "Suket, Mate"]
[Black "Ligeti, Zoltan"]
[Result "1-0"]
[WhiteElo "1622"]
[BlackElo "1799"]
[PlyCount "97"]
[EventDate "2008.10.26"]
[EventType "team-tourn"]
[EventRounds "11"]
[EventCountry "HUN"]
[SourceTitle "EXT 2010"]
[Source "ChessBase"]
[SourceDate "2010.11.25"]
[SourceVersion "1"]
[SourceVersionDate "2010.11.25"]
[SourceQuality "1"]
[WhiteTeam "Kervaros"]
[BlackTeam "Flesch"]
[WhiteTeamCountry "HUN"]
[BlackTeamCountry "HUN"]

1. e4 d5 2. exd5 Nf6 3. Nf3 Nxd5 4. d4 Bg4 5. Be2 e6 6. 0-0 Be7 7. h3 Bh5 8. Be3 0-0 9. Nbd2 Nd7 10. c4 N5f6 11. Qc2 Bg6 12. Bd3 Bxd3 13. Qxd3 Nb6 14. b3 c6 15. Ne5 Bd6 16. f4 c5 17. dxc5 Bxe5 18. Qxd8 Raxd8 19. fxe5 Nfd7 20. cxb6 Nxb6 21. Bxb6 axb6 22. Ne4 Rd7 23. Rad1 Rfd8 24. Rd6 Rxd6 25. Nxd6 Rd7 26. Nc8 Rd2 27. Nxb6 Rxa2 28. Re1 Ra6 29. Na4 Kf8 30. Nc5 Ra7 31. Rd1 b5 32. cxb5 Ra5 33. Nd7+ Ke7 34. b6 Rb5 35. Kf2 Rxb3 36. Rd6 Rb5 37. Nb8 g6 38. Nc6+ Kf8 39. Rd8+ Kg7 40. Rb8 Rc5 41. b7 Rxc6 42. Rc8 Ra6 43. b8Q Ra4 44. Rg8+ Kh6 45. Qf8+ Kh5 46. Qxf7 Kg5 47. Qf6+ Kh5 48. g4+ Kh6 49. Qh4# 1-0